000 01127pam a2200277 a 4500
999 _c332456
_d332456
001 3526332
003 NUST
005 20171206115258.0
008 961031s1997 nyua b 001 0 eng
010 _a 96039526
020 _a0471969958
040 _aDLC
_cDLC
_dDLC
050 0 0 _aTD195.C45
_bC35 1997
082 0 0 _a636.7384 CAL
_221
100 1 _aCalow, Peter.
_97003
245 1 0 _aControlling environmental risks from chemicals :
_bprinciples and practice /
_cPeter Calow.
260 _aNew York :
_bJ. Wiley,
_cc1997.
300 _axiv, 136 p. :
_bill. ;
_c24 cm.
500 _aH.B
504 _aIncludes bibliographical references and index.
650 0 _aPollution.
_92629
650 0 _aPollution
_xRisk assessment.
_97004
856 4 2 _3Publisher description
_uhttp://www.loc.gov/catdir/description/wiley034/96039526.html
856 4 1 _3Table of contents
_uhttp://www.loc.gov/catdir/toc/wiley022/96039526.html
906 _a7
_bcbc
_corignew
_d1
_eocip
_f19
_gy-gencatlg
942 _2ddc
_cBK
_kIESE